MONDIALISATIONS (1880-1935) - P1C1 IB - Statistiques

Statistiques générales
  • Ce quiz a été pris 18 fois
  • Le résultat moyen est 40 sur 57
Statistiques - réponses
Question Réponse % Correct
Taux d'encaisse-or imposé aux banques centrale par la loi française au XIXe siècle 30%
100%
Premier repli protectionniste en Europe (pays - date) Allemagne - 1879
100%
Type de dépôt 2 "à terme"
100%
Type de dépôt 1 "à vue" (= épargne)
100%
Nom du projet ferroviaire reliant l'Allemagne à l'Empire ottoman Bagdadbahn
100%
Type de banking 2 Banques d'affaires
100%
Type de banking 1 Banques de dépôt
100%
Clause novatrice de ce traité Clause de la "nation la plus favorisée"
100%
Autre théoricien de la division internationale du travail David Ricardo
100%
Théoricien d'un "protectionnisme éducateur" Frederik List
100%
Type de banking 4 Haute banque
100%
Lieu et date de la dernière ruée vers l'or (Lieu date) Klondike 1897
100%
Principales banques anglaises Lloyds, Baring Bros
100%
Bourse la plus active au début de la Première Guerre mondiale Londres
100%
Type de banking 3 Merchant banks
100%
Bourse la plus active à partir de la Première Guerre mondiale New York
100%
Bourse la plus active jusqu'en 1914 Paris
100%
Exemple de maison pratiquent le type 3 de banking Rothschild, Baring Bros
100%
Nom des traités imposés à la Chine et au Japon entre 1858 et 1860 "traités inégaux"
100%
Région d'Afrique du Sud où l'on découvre de l'or à la fin du XIXe siècle Transvaal
100%
Date d'adoption de l'étalon-or par l'Allemagne 1873
80%
Date d'adoption de l'étalon-or par la France 1874-75
80%
Dates de la guerre russo-japonaise (date-date) 1904-1905
80%
Parts de la Deutsche Bank dans le financement de ce projet 40%
80%
Premières bourses européennes Amsterdam, Londres
80%
Pays où la BNP investit dans le chemin de fer Espagne, Russie
80%
Emprunt d'État à des particuliers à long terme Obligation
80%
Exemple de maison pratiquent le type 4 de banking Rothschild, Mirabaud, Perier
80%
Multiplication du dépôt aux États-Unis entre 1880 et 1914 (par ...) 10
60%
Date du vote de l'impôt sur le revenu en France et date de son application (date-date) 1914-1916
60%
Valeur d'une livre en francs-or 25
60%
Valeur d'un dollar en francs-or 5
60%
Surnom de la Grande-Bretagne "banquier de la planète"
60%
Emprunt d'État à des particuliers à court terme Bon du Trésor
60%
Principales activités du type 3 Escompte, investissement
60%
Part de la flotte marchande mondiale détenue par le Royaume-Uni à la fin du XIXe siècle La moitié
60%
Lieu de la bourse française Palais Brongniart
60%
Surnom des pays en industrialisation voulant attirer l'investissement "pays neufs"
60%
Nom de la banque centrale allemande Reichsbank
60%
La bourse de New York est installée à ... en ... (Lieu date) Wall Street en 1903
60%
Somme prêtée par la France à la Russie entre 1888 et 1918 (francs-or) 13,7 milliards
40%
Date de cette transaction 1888
40%
Date de la famine russe 1891
40%
Date du début de ce projet 1903
40%
Multiplication du dépôt au Royaume-Uni entre 1880 et 1914 (par ...) 5
40%
À quoi devrait se limiter le rôle de l'État selon les théories libre-échangistes ? À la protection des libertés individuelles
40%
Pays où la BNP investit dans le tramway et l'électricité Belgique, Empire ottoman, Égypte
40%
Procédé par lequel l'État délègue le développement des équipements publics Concessions
40%
Concept principal d'Adam Smith "main invisible" du marché
40%
Exemple d'affaire de ce type Raffalovitch chez L'Humanité
40%
Titre du livre d'Adam Smith Recherches sur la nature et les causes de la richesse des nations
40%
Principale source de financement pour les vieilles puissances et les pays nouvellement industrialisés Sociétés étrangères
40%
Stratégie déloyale employée par la Russie pour rassurer l'opinion publique Soudoiement de journalistes
40%
Date du traité de libre-échange franco-britannique 1860
20%
Prix de cette concession 6 000 000 francs-or
20%
Nom complet et date de naissance de la BNP (nom - date) Banque de Paris et des Pays-Bas - 1872
20%
Exemple de concession ferroviaire cédée par l'Empire ottoman à un groupe allemand Haidar-Pacha - Ismidt
20%
Aucun quiz correspondant
Distribution des résultats
% des personnes avec chaque résultat
Percentile par nombre de réponses
Votre historique - résultats
Vous n’avez pas pris ce quiz